The dawn of the French and index
Saved in:
| Hovedforfatter: | |
|---|---|
| Format: | Bog |
| Sprog: | engelsk |
| Udgivet: |
Cambridge University Press
1918
|
| Tags: |
Tilføj Tag
Ingen Tags, Vær først til at tagge denne postø!
|
MARC
| LEADER | 00000nam a22000007a 4500 | ||
|---|---|---|---|
| 008 | 210816b ||||| |||| 00| 0 eng d | ||
| 020 | |a 9781107440708 | ||
| 100 | |a TILLEY, Arthur | ||
| 245 | |a The dawn of the French and index |c Arthur Tilley |g xxv, 636p; ill | ||
| 260 | |b Cambridge University Press |c 1918 |h Cambridge, U.K. |i 696140 |i 696141 |l DC33.3.T46 |m Renaissance -France |m Renaissance - Italy |m Arts - France - History |m Arts, Renaissance - France |m French literature- 16th century century- History and criticism |m France- History-House of Valois, 1328-1589 | ||
| 500 | |a it includes references and index | ||
| 942 | |a lcc |c BK |e Johnson |f 16/08/21 | ||
| 952 | |0 0 |1 0 |2 lcc |4 0 |6 DC00333 T46 |7 0 |9 3036 |a ART |b HOL |c AF |d 2021-08-16 |l 0 |o DC33.3.T46 |p 2021-66737 |r 2021-08-16 00:00:00 |w 2021-08-16 |y BK | ||
| 952 | |0 0 |1 0 |2 lcc |4 0 |6 DC00333 T46 |7 0 |9 3037 |a HOL |b HOL |c AF |d 2021-08-16 |l 0 |o DC33.3.T46 |p 2021-66738 |r 2021-08-16 00:00:00 |w 2021-08-16 |y BK | ||
| 999 | |c 1540 |d 1540 | ||